00535nam a2200169Ia 4500003000400000008004100004020001500045040001600060082001900076100002900095245010000124260007200224300002800296650001000324650001800334650001300352GCL140319s9999 xx 000 0 eng d a9774242955 aGCL / cGCL04aCCb362.1bG E1 aGALLAHER, NANCY ELIZAETH10aEGYPT'S OTHER WARS : bEPIDEMICS AND THE POLITICS OF PUBLIC HEALTH / cGALLAHER, NANCY ELIZAETH aالقاهرة : bTHE AMERICAN UNIVERSITY IN CAIRO PRESS ، c1993 a234 PbILL. ؛ c23 cm.04aEGYPT04aPUBLIC HEALTH04aMEDICINE